| 000 | 00420 a2200169 4500 | ||
|---|---|---|---|
| 001 | 066504 | ||
| 003 | OSt | ||
| 005 | 20210930160507.0 | ||
| 008 | |||
| 082 |
_a823.914 _bA41S |
||
| 100 | 1 | _aAli, Tariq | |
| 245 | 1 |
_aThe stone woman _cby Tariq Ali |
|
| 260 |
_aCalcutta _bSeagull Books _c2000 |
||
| 300 | _a274p. | ||
| 690 | _aTurkey; Black Sea--Sea of Marmara Region | ||
| 942 |
_2ddc _cBK |
||
| 999 |
_c552 _d552 |
||